000 00665nam a22001937a 4500
005 20221227022023.0
008 221227b |||||||| |||| 00| 0 eng d
020 _a978-621-8019-40-9
082 _aFil. 363.34 M743 2017
100 _aMogol, Adonis A.
_eauthor
245 _aDisaster risk reduction training manual /
_cAdonis A. Mogol
260 _aQuezon City:
_bCronica Bookhaus,
_cc2017.
300 _aiv, 138p.;
_bill.
490 _aK-12 OBE compliant
500 _aIncludes bibliographical references
541 _e5256 c.1, 5257 c.2, 5258 c.3
650 _aDisaster relief - Handbooks, manuals, etc.
650 _aRisk management - Handbooks, manuals, etc.
999 _c452
_d452